000 01575ngm a2200349 4500
003 dpl
005 20090212144943.0
007 DVD
008 ||||||sp199 xxu|||||c|||| 00| 0 eng d
010 _aDVD-001630-1632
024 _c399.00
_aEDVD-D24117
035 _aDVD-001630-1632
040 _aDPL
_cDPL
082 _aDVD / DEAT
245 _aDeath On the Nile
_cNet Cohen Presents
_h[videorecording] DVD/
260 _bEagle Home Entertainment
300 _a1 videodisc DVD;
_bsd., col. ;
_c4 3/4 in.
_fDVD
500 _aThis DVD is Copy Protected
538 _iLanguage: Dolby Digital 5.1-English Subtitles: English
538 _aAspect Ratio:1.85:1, Presentation type:Wide Screen Presentation Size 16x9, Format DVD 9 Dual Layer Single Sided Disc.
650 _aMotion Picture
700 _aPeter, Ustinoy
700 _aBette, Davis
700 _aMia, Farrow
700 _aAngela, Lansbury
700 _aChristie, Agatha
942 _cCF
_2ddc
_hDVD
_mDEAT
999 _c23576
_d23576